Tekst piosenki ''Zawsze z tobą chciałbym być'' - Statystyki

Ogólne statystyki
  • Ten quiz został rozwiązany 1 069 razy
  • Średni wynik to 24 z 27
Statystyki odpowiedzi
Tekst: Brakujące Słowa: % Poprawnych
Zawsze z Tobą chciałbym ... Być
99%
Zawsze z Tobą chciałbym ... Być
99%
Zawsze z Tobą chciałbym ... Być
99%
Zawsze z Tobą chciałbym ...(x2) Być
99%
Zawsze z Tobą chciałbym ... Być
99%
Zawsze z Tobą chciałbym ... Być
99%
Zawsze z Tobą chciałbym ... Być
99%
Zawsze z Tobą chciałbym ...(x4) Być
99%
Przez ... lato Całe
99%
Przez ... lato Całe
99%
Choć minęły już ... lata Dwa
97%
Tylko we ... Dwoje
97%
Tylko we ... Dwoje
97%
... mnie za to Kochaj
97%
... mnie za to Kochaj
97%
Zadzwoniłem w środku ... Lata
97%
Dziś ten ... Ci napisałem List
92%
Powtórzyć Tobie jeszcze ..., to co wtedy Raz
91%
Ty nadal nie ... się Odzywasz
85%
I wciąż do ucha ... Ci, tak jak wtedy Szeptać
85%
Chciałbym też w księżyca ... Blasku
82%
Stawiać z Tobą ... z piasku Babki
78%
Daj się skusić na ... Wakacje
75%
Lato ... się, więc chciałem Zbliża
70%
Morze, ... i kolacje Plaża
67%
Będziemy ..., aż po świt Tańczyć
62%
... Ich Troje Grupa
37%
Nie znaleziono quizów pasujących do podanych kryteriów
Rozkład punktacji
Procent ludzi z każdym wynikiem
Percentyl według liczby udzielonych odpowiedzi
Twoja historia wyników
Nie rozwiązałeś tego quizu